Doing psychological research : (Record no. 2883)

000 -LEADER
fixed length control field 01374cam a2200301 a 4500
001 - CONTROL NUMBER
control field 11958630
003 - CONTROL NUMBER IDENTIFIER
control field OSt
005 - DATE AND TIME OF LATEST TRANSACTION
control field 20180117085951.0
008 - FIXED-LENGTH DATA ELEMENTS--GENERAL INFORMATION
fixed length control field 000330s2000 enka b 001 0 eng
010 ## - LIBRARY OF CONGRESS CONTROL NUMBER
LC control number 00037515
020 ## - INTERNATIONAL STANDARD BOOK NUMBER
International Standard Book Number 0335203795 (pbk.)
040 ## - CATALOGING SOURCE
Original cataloging agency DLC
Transcribing agency DLC
Modifying agency DLC
050 00 - LIBRARY OF CONGRESS CALL NUMBER
Classification number BF76.5
Item number .H39 2000
082 00 - DEWEY DECIMAL CLASSIFICATION NUMBER
Classification number 150/.7/2
Edition number 21
100 1# - MAIN ENTRY--PERSONAL NAME
Personal name Hayes, Nicky.
245 10 - TITLE STATEMENT
Title Doing psychological research :
Remainder of title gathering and analysing data /
Statement of responsibility, etc. Nicky Hayes.
260 ## - PUBLICATION, DISTRIBUTION, ETC.
Place of publication, distribution, etc. Buckingham ;
-- Philadelphia, PA :
Name of publisher, distributor, etc. Open University Press,
Date of publication, distribution, etc. 2000.
300 ## - PHYSICAL DESCRIPTION
Extent xviii, 400 p. :
Other physical details ill. ;
Dimensions 25 cm.
504 ## - BIBLIOGRAPHY, ETC. NOTE
Bibliography, etc. note Includes bibliographical references (p. [387]-391) and index.
650 #0 - SUBJECT ADDED ENTRY--TOPICAL TERM
Topical term or geographic name entry element Psychology
General subdivision Research
-- Methodology.
856 42 - ELECTRONIC LOCATION AND ACCESS
Materials specified Publisher description
Uniform Resource Identifier <a href="http://www.loc.gov/catdir/description/mh051/00037515.html">http://www.loc.gov/catdir/description/mh051/00037515.html</a>
856 42 - ELECTRONIC LOCATION AND ACCESS
Materials specified Contributor biographical information
Uniform Resource Identifier <a href="http://www.loc.gov/catdir/bios/mh051/00037515.html">http://www.loc.gov/catdir/bios/mh051/00037515.html</a>
856 41 - ELECTRONIC LOCATION AND ACCESS
Materials specified Table of contents
Uniform Resource Identifier <a href="http://www.loc.gov/catdir/toc/mh051/00037515.html">http://www.loc.gov/catdir/toc/mh051/00037515.html</a>
906 ## - LOCAL DATA ELEMENT F, LDF (RLIN)
a 7
b cbc
c orignew
d 1
e ocip
f 20
g y-gencatlg
942 ## - ADDED ENTRY ELEMENTS (KOHA)
Source of classification or shelving scheme
Koha item type Book
Holdings
Withdrawn status Lost status Source of classification or shelving scheme Damaged status Not for loan Collection code Permanent Location Current Location Shelving location Date acquired Total Checkouts Full call number Barcode Date last seen Price effective from Koha item type
            Central Library (CL) Central Library (CL) General Stacks 03/24/2016   150/.7/2 HAY S3H-N-228 03/24/2016 03/24/2016 Book
© 2023 Central Library, National University of Sciences and Technology. All Rights Reserved.